<?xml version='1.0' encoding='UTF-8'?><?xml-stylesheet href='static/style.xsl' type='text/xsl'?><OAI-PMH xmlns="http://www.openarchives.org/OAI/2.0/" xmlns:xsi="http://www.w3.org/2001/XMLSchema-instance" xsi:schemaLocation="http://www.openarchives.org/OAI/2.0/ http://www.openarchives.org/OAI/2.0/OAI-PMH.xsd"><responseDate>2026-05-01T16:23:17Z</responseDate><request verb="GetRecord" identifier="oai:ebiltegia.mondragon.edu:20.500.11984/14013" metadataPrefix="marc">https://ebiltegia.mondragon.edu/oai/request</request><GetRecord><record><header><identifier>oai:ebiltegia.mondragon.edu:20.500.11984/14013</identifier><datestamp>2026-03-06T12:05:44Z</datestamp><setSpec>com_20.500.11984_473</setSpec><setSpec>col_20.500.11984_476</setSpec></header><metadata><record xmlns="http://www.loc.gov/MARC21/slim" xmlns:dcterms="http://purl.org/dc/terms/" xmlns:xsi="http://www.w3.org/2001/XMLSchema-instance" xmlns:doc="http://www.lyncode.com/xoai" xsi:schemaLocation="http://www.loc.gov/MARC21/slim http://www.loc.gov/standards/marcxml/schema/MARC21slim.xsd">
   <leader>00925njm 22002777a 4500</leader>
   <datafield ind2=" " ind1=" " tag="042">
      <subfield code="a">dc</subfield>
   </datafield>
   <datafield ind2=" " ind1=" " tag="720">
      <subfield code="a">Azpeitia-Eizagirre, Agurtzane</subfield>
      <subfield code="e">author</subfield>
   </datafield>
   <datafield ind2=" " ind1=" " tag="720">
      <subfield code="a">Amezua, Alonso</subfield>
      <subfield code="e">author</subfield>
   </datafield>
   <datafield ind2=" " ind1=" " tag="260">
      <subfield code="c">2025-12-30</subfield>
   </datafield>
   <datafield ind2=" " ind1=" " tag="520">
      <subfield code="a">Ikerketa hau Soziolinguistika Klusterrak eta Mondragon Unibertsitateak gauzatu dute. 2017an  abiatutako  Berba-lapiko egitasmoaren  baitan  sortu  dira  euskarazko  ahozko  gaitasun komunikatiboan eta motibazioan eragitea helburu duten hizkuntza-errutinak. Artikulu  honetan  hizkuntza-errutinen  metodologiaren  hatsarre  eta  ezaugarriak  aurkeztuko  dira,  eta  horrekin  batera,  hasierako  fasean  gauzatutako  esperientzia  pilotu  baten emaitzak. Hain zuzen, bigarren gune soziolinguistikoko eskola batean metodologia hau gelaratu da eta ikasleen ahozko berbaldietan aurretestutik ondotestura hizkuntza-konplexutasunean eta jarioan alde nabarmenak egon direla erakutsi da.</subfield>
   </datafield>
   <datafield ind2=" " ind1=" " tag="520">
      <subfield code="a">Este estudio se ha realizado entre Soziolinguistika Klusterra y Mondragon Unibertsitatea. En 2017 comenzó el proyecto Berba-lapiko, en el cual se han creado las rutinas lingüísticas, una metodología que tiene como objetivo mejorar la competencia comunicativa oral del alumnado y la motivación del euskera. En este artículo se presentarán sus principios y características, así como los resultados de una experiencia en la fase inicial. Esta metodología se ha aplicado en un centro situado en la segunda zona sociolingüística y los resultados han evidenciado una significativa mejora en la complejidad y fluidez lingüística entre el pre-texto y post-texto de los alumnos.</subfield>
   </datafield>
   <datafield ind2=" " ind1=" " tag="520">
      <subfield code="a">This  study  was  collaboratively  conducted  by  researchers  from  Soziolinguistika  Klus-terra and Mondragon Unibertsitatea. The Berba-lapiko project, launched in 2017, uses its linguistic routines to enhance students’ oral communication skills and motivation to learn Basque. This article outlines the principles and key features of the methodology, along with the results of a pilot study conducted during its initial phase. This methodology was tested in a school located in the second sociolinguistic zone of Basque Country. The results revealed a significant improvement specifically in complexity and fluency, as observed between the students’ pre-text and post-text.</subfield>
   </datafield>
   <datafield ind1="8" ind2=" " tag="024">
      <subfield code="a">0046-435X</subfield>
   </datafield>
   <datafield ind1="8" ind2=" " tag="024">
      <subfield code="a">2530-5832</subfield>
   </datafield>
   <datafield ind1="8" ind2=" " tag="024">
      <subfield code="a">https://katalogoa.mondragon.edu/janium-bin/janium_login_opac.pl?find&amp;ficha_no=200602</subfield>
   </datafield>
   <datafield ind1="8" ind2=" " tag="024">
      <subfield code="a">https://hdl.handle.net/20.500.11984/14013</subfield>
   </datafield>
   <datafield tag="653" ind2=" " ind1=" ">
      <subfield code="a">Hizkuntza-errutina</subfield>
   </datafield>
   <datafield tag="653" ind2=" " ind1=" ">
      <subfield code="a">Ahozko gaitasun komunikatiboa</subfield>
   </datafield>
   <datafield tag="653" ind2=" " ind1=" ">
      <subfield code="a">Hizkuntza-konplexutasuna</subfield>
   </datafield>
   <datafield tag="653" ind2=" " ind1=" ">
      <subfield code="a">Jarioa</subfield>
   </datafield>
   <datafield tag="653" ind2=" " ind1=" ">
      <subfield code="a">Rutina lingüística</subfield>
   </datafield>
   <datafield tag="653" ind2=" " ind1=" ">
      <subfield code="a">Competencia comunicativa oral</subfield>
   </datafield>
   <datafield tag="653" ind2=" " ind1=" ">
      <subfield code="a">Complejidad lingüística</subfield>
   </datafield>
   <datafield tag="653" ind2=" " ind1=" ">
      <subfield code="a">Fluidez</subfield>
   </datafield>
   <datafield tag="653" ind2=" " ind1=" ">
      <subfield code="a">Linguistic  routine</subfield>
   </datafield>
   <datafield tag="653" ind2=" " ind1=" ">
      <subfield code="a">Oral  communicative  competence</subfield>
   </datafield>
   <datafield tag="653" ind2=" " ind1=" ">
      <subfield code="a">Linguistic  complexity</subfield>
   </datafield>
   <datafield tag="653" ind2=" " ind1=" ">
      <subfield code="a">Fluency</subfield>
   </datafield>
   <datafield ind2="0" ind1="0" tag="245">
      <subfield code="a">Hizkuntza-errutinak: euskarazko ahozko oinarrizko komunikazioan trebatzeko ibilbidea</subfield>
   </datafield>
</record></metadata></record></GetRecord></OAI-PMH>